Tallest Ballon D'Or Winners - Statistics

General Stats
  • This quiz has been taken 110 times
  • The average score is 5 of 9
Answer Stats
Hint Answer % Correct
6'2" Cristiano Ronaldo
97%
6'2" Marco Van Basten
58%
6'2" Lev Yashin
55%
6'1" Kaka
54%
6'1" Karim Benzema
53%
6'3" Ruud Gullit
47%
6'1" Zinedine Zidane
43%
6'1" Rivaldo
30%
6'1" George Weah
24%
No matching quizzes found
Score Distribution
Percent of People with Each Score
Percentile by Number Answered
Your Score History
You have not taken this quiz